<?xml version="1.0" encoding="UTF-8"?>
<collection xmlns="http://www.loc.gov/MARC21/slim">
<record>
  <controlfield tag="001">252468</controlfield>
  <controlfield tag="005">20240928175033.0</controlfield>
  <datafield tag="035" ind1=" " ind2=" ">
    <subfield code="a">G:(GEPRIS)259226581</subfield>
  </datafield>
  <datafield tag="024" ind1="7" ind2=" ">
    <subfield code="a">G:(GEPRIS)259226581</subfield>
    <subfield code="d">259226581</subfield>
  </datafield>
  <datafield tag="040" ind1=" " ind2=" ">
    <subfield code="a">GEPRIS</subfield>
    <subfield code="c">http://gepris.its.kfa-juelich.de</subfield>
  </datafield>
  <datafield tag="150" ind1=" " ind2=" ">
    <subfield code="a">Neue TRP-Kanal Funktionen im olfaktorischen System (P10)</subfield>
    <subfield code="y">2014 -</subfield>
  </datafield>
  <datafield tag="371" ind1=" " ind2=" ">
    <subfield code="a">Professorin Dr. Trese Leinders-Zufall</subfield>
  </datafield>
  <datafield tag="371" ind1=" " ind2=" ">
    <subfield code="a">Professor Dr. Frank Zufall</subfield>
  </datafield>
  <datafield tag="450" ind1=" " ind2=" ">
    <subfield code="a">DFG project G:(GEPRIS)259226581</subfield>
    <subfield code="w">d</subfield>
    <subfield code="y">2014 -</subfield>
  </datafield>
  <datafield tag="510" ind1="1" ind2=" ">
    <subfield code="a">Deutsche Forschungsgemeinschaft</subfield>
    <subfield code="0">I:(DE-588b)2007744-0</subfield>
    <subfield code="b">DFG</subfield>
  </datafield>
  <datafield tag="550" ind1=" " ind2=" ">
    <subfield code="0">G:(GEPRIS)239283807</subfield>
    <subfield code="a">TRR 152: Steuerung der Körperhomöostase durch TRP-Kanal-Module</subfield>
    <subfield code="w">t</subfield>
  </datafield>
  <datafield tag="680" ind1=" " ind2=" ">
    <subfield code="a">Dieses Projekt soll neue funktionelle Rollen für TRP Kanäle bei der neuronalen Signalverarbeitung und homöostatischen Regulation des olfaktorischen Systems und verwandten chemosensorischen Systemen entschlüsseln. Untersucht werden soll die Funktion von TRPM5 bei der Pathogendetektion im nasalen respiratorischen Epithel, die Rolle von TRPM4 bei der hormonellen Modulation von vomeronasalen Sinneszellen und die Rolle von TRPC5 und TRPC6 bei der neuroendokrinen Kontrolle durch rhythmisch aktive, hypothalamische Neurone. Das Projekt wird ein detailliertes Verständnis neuartiger TRP Kanalfunktionen in peripheren und zentralen Regionen des olfaktorischen Systems ermöglichen.</subfield>
  </datafield>
  <datafield tag="909" ind1="C" ind2="O">
    <subfield code="o">oai:juser.fz-juelich.de:919070</subfield>
    <subfield code="p">authority:GRANT</subfield>
    <subfield code="p">authority</subfield>
  </datafield>
  <datafield tag="980" ind1=" " ind2=" ">
    <subfield code="a">G</subfield>
  </datafield>
  <datafield tag="980" ind1=" " ind2=" ">
    <subfield code="a">AUTHORITY</subfield>
  </datafield>
  <datafield tag="909" ind1="C" ind2="O">
    <subfield code="o">oai:juser.fz-juelich.de:919070</subfield>
  </datafield>
</record>
</collection>